| 000 | 00506nam a2200181Ia 4500 | ||
|---|---|---|---|
| 005 | 20250508162640.0 | ||
| 008 | 008 250505s9999 xx 000 0 eng d | ||
| 037 | _aTextual | ||
| 040 |
_aFEDL _beng _cFEDL |
||
| 041 |
_aeng _2eng |
||
| 084 |
_a303.4, PAN _qFEDL |
||
| 100 | _aPandey Rajendra | ||
| 245 | 0 | _aModernisation and social change | |
| 260 |
_aNew Delhi, India _bCriterion Publications _c1988 |
||
| 300 | _axxii,461p. | ||
| 942 |
_cTEXL _h303.4, PAN |
||
| 999 |
_c1377843 _d1377843 |
||